New architecture of mexico / (Record no. 352564)

000 -LEADER
fixed length control field 01690 a2200241 4500
003 - CONTROL NUMBER IDENTIFIER
control field OSt
005 - DATE AND TIME OF LATEST TRANSACTION
control field 20180116192338.0
008 - FIXED-LENGTH DATA ELEMENTS--GENERAL INFORMATION
fixed length control field 120525t xxu||||| |||| 00| 0 eng d
020 ## - INTERNATIONAL STANDARD BOOK NUMBER
International Standard Book Number 1876907843 (hardcover)
020 ## - INTERNATIONAL STANDARD BOOK NUMBER
International Standard Book Number 9781876907846 (hardcover)
040 ## - CATALOGING SOURCE
Transcribing agency 0
082 04 - DEWEY DECIMAL CLASSIFICATION NUMBER
Classification number 724.972
100 1# - MAIN ENTRY--PERSONAL NAME
Personal name Mutlow, John.
9 (RLIN) 2211
245 10 - TITLE STATEMENT
Title New architecture of mexico /
Statement of responsibility, etc. John Mutlow.
260 ## - PUBLICATION, DISTRIBUTION, ETC.
Place of publication, distribution, etc. Victoria:
Name of publisher, distributor, etc. Images Publishing Dist A/C,
Date of publication, distribution, etc. 2005.
300 ## - PHYSICAL DESCRIPTION
Extent 224 p. :
Other physical details ill.;
Dimensions 31 cm.
520 ## - SUMMARY, ETC.
Summary, etc. This book explores the modern architecture the modern architecture of Mexico, with an emphasis from the early 1980s to the present day. It is particularly appropriate now, given a renewed interest in the recent modern architecture of Mexico, and as the work of several Mexican architects is now being recognised, published and appreciated outside of Mexico. The focus is on architects and their work. A series of buildings have been selected to establish a dialogue and to identify and articulate the complex diversity of modern architecture that is Mexico today. The selection exemplifies quality of design, of spacial and tectonic exploration, and the different perspectives that coexist. Underlying ideas and ideological positions that place the architects in the modern architectural movement are explored and an introductory article by Miguel Adria places early modern architecture in Mexico in context.
650 0# - SUBJECT ADDED ENTRY--TOPICAL TERM
Topical term or geographic name entry element Architecture, Modern
9 (RLIN) 2212
650 0# - SUBJECT ADDED ENTRY--TOPICAL TERM
Topical term or geographic name entry element Architecture
Geographic subdivision Mexico
9 (RLIN) 2213
856 40 - ELECTRONIC LOCATION AND ACCESS
Materials specified Amazon.com
Uniform Resource Identifier <a href="http://www.amazon.com/exec/obidos/ASIN/1876907843/chopaconline-20">http://www.amazon.com/exec/obidos/ASIN/1876907843/chopaconline-20</a>
942 ## - ADDED ENTRY ELEMENTS (KOHA)
Institution code [OBSOLETE] SADA
Koha item type Book
Call number prefix 724.972 MUT 2005
Source of classification or shelving scheme
Holdings
Withdrawn status Lost status Source of classification or shelving scheme Damaged status Not for loan Permanent Location Current Location Date acquired Total Checkouts Full call number Barcode Date last seen Date last checked out Cost, replacement price Price effective from Koha item type
          School of Art Design and Architecture (SADA) School of Art Design and Architecture (SADA) 02/17/2011 3 724.972 MUT 2005 SADA0000652 09/20/2012 09/17/2012 4291.00 08/05/2011 Book
© 2023 Central Library, National University of Sciences and Technology. All Rights Reserved.